[Event "Memorial Jirasek"]
[Site "Rakovnik CEC"]
[Date "2008.08.10"]
[Round "2"]
[White "Sergeev, Vl"]
[Black "Sodoma, J."]
[Result "1-0"]
[WhiteElo "2508"]
[BlackElo "2379"]
[PlyCount "49"]
[EventDate "2008.08.09"]
[Source "www.chesslib.no"]
[SourceDate "2004.05.04"]

1. e4 e5 2. Nf3 Nc6 3. Bc4 Nf6 4. Ng5 d5 5. exd5 Na5 6. Bb5+ Bd7 7. Qe2 Be7 8. Nc3 O-O 9. Bd3 Bg4 10. f3 Bh5 11. h4 c6 12. g4 Bg6 13. Bxg6 hxg6 14. d6 Bxd6 15. d3 c5 16. Be3 Nc6 17. O-O-O Nd4 18. Qg2 b5 19. h5 gxh5 20. Rdg1 Re8 21. gxh5 Bf8 22. h6 Qe7 23. hxg7 Bxg7 24. Bxd4 exd4 25. Nge4 1-0

[Event "Badalona"]
[Site "?"]
[Date "2006.07.07"]
[Round "6"]
[White "Munoz Pantoja Miguel"]
[Black "De Jong Jan Willem"]
[Result "1/2-1/2"]
[WhiteElo "2473"]
[BlackElo "2409"]
[PlyCount "104"]
[EventDate "2006.??.??"]
[Source "www.chesslib.no"]
[SourceDate "2004.05.04"]

1. e4 e5 2. Nf3 Nc6 3. Bc4 Nf6 4. Ng5 d5 5. exd5 Na5 6. Bb5+ c6 7. dxc6 bxc6 8. Qf3 Qc7 9. Bd3 h6 10. Ne4 Nd5 11. Ng3 g6 12. Nc3 Nf4 13. Bf1 Bg7 14. d4 O-O 15. dxe5 Bxe5 16. Bxf4 Bxf4 17. Bd3 Rb8 18. Rb1 Re8+ 19. Nce2 Be5 20. O-O Rxb2 21. Rxb2 Bxb2 22. c3 Qe5 23. Rb1 Ba3 24. Nd4 Bd7 25. Be4 Bc5 26. Qd3 Bf8 27. Nf3 Qd6 28. Qa6 Qc5 29. Qd3 Qd6 30. Qc2 c5 31. Rd1 Qe7 32. h4 Nc4 33. h5 g5 34. Bd5 Nb6 35. Nf5 Qf6 36. Ne3 Bg7 37. Bb3 Qxc3 38. Qxc3 Bxc3 39. Nd5 Nxd5 40. Rxd5 Bc6 41. Rxc5 Bxf3 42. gxf3 Bf6 43. a4 Re5 44. Rc7 Re7 45. Rc6 Kg7 46. a5 Bd4 47. Kf1 Rb7 48. Bc4 Be5 49. Rc5 Kf6 50. Rc6+ Kg7 51. Rc5 Kf6 52. Rc8 Rc7 1/2-1/2

[Event "Commonwealth Ch"]
[Site "Mumbai"]
[Date "2003.04.23"]
[Round "5"]
[White "Rausis, Igors"]
[Black "Islam, Kh Aminul"]
[Result "1/2-1/2"]
[WhiteElo "2533"]
[BlackElo "2344"]
[PlyCount "46"]
[EventDate "2003.04.20"]
[Source "Roberto Alvarez"]
[SourceDate "2003.04.28"]

1. e4 e5 2. Nf3 Nc6 3. Bc4 Nf6 4. Ng5 d5 5. exd5 Na5 6. Bb5+ Bd7 7. Qe2 Bd6 8. Bxd7+ Qxd7 9. Nc3 c6 10. dxc6 Nxc6 11. O-O O-O 12. d3 Nd4 13. Qd1 Rac8 14. Be3 Ba3 15. Bxd4 exd4 16. Nce4 Nxe4 17. dxe4 Bxb2 18. Rb1 Bc3 19. f4 f6 20. Nf3 b5 21. e5 b4 22. Qd3 Qd5 23. Qa6 Rc5 1/2-1/2

[Event "Lublin"]
[Site "Lublin"]
[Date "1974.??.??"]
[Round "3"]
[White "Estrin, Yacov"]
[Black "Grabczewski, Romuald"]
[Result "1/2-1/2"]
[WhiteElo "2450"]
[BlackElo "2425"]
[PlyCount "21"]
[EventDate "1974.??.??"]
[Source "ChessBase"]

1. e4 e5 2. Nf3 Nc6 3. Bc4 Nf6 4. Ng5 d5 5. exd5 Na5 6. Bb5+ Bd7 7. Qe2 Be7 8. Nc3 O-O 9. Bxd7 Qxd7 10. d3 Nxd5 11. Nxd5 1/2-1/2

[Event "Pula op 13th"]
[Site "Pula"]
[Date "1999.05.31"]
[Round "3"]
[White "Sax, Gyula"]
[Black "Krstic, Uros"]
[Result "0-1"]
[WhiteElo "2524"]
[BlackElo "2332"]
[PlyCount "48"]
[EventDate "1999.05.??"]
[Source "www.chesslib.no"]
[SourceDate "2004.05.04"]

1. e4 e5 2. Nf3 Nc6 3. Bc4 Nf6 4. Ng5 d5 5. exd5 Na5 6. Bb5+ Bd7 7. Qe2 Bd6 8. Bxd7+ Qxd7 9. Nc3 O-O 10. O-O c6 11. Qd3 h6 12. Nge4 Nxe4 13. Nxe4 Rfd8 14. f4 exf4 15. Nxd6 Qxd6 16. Qc3 Qxd5 17. d3 b6 18. Bxf4 Qd4+ 19. Qxd4 Rxd4 20. Rae1 Rd7 21. Re4 f6 22. b4 Nb7 23. Rc4 Rc8 24. Re1 Kf7 0-1

[Event "Tatry op"]
[Site "Tatranska Lomnica"]
[Date "1998.??.??"]
[Round "7"]
[White "Sergeev, Vladimir"]
[Black "Berezjuk, Sergej"]
[Result "1-0"]
[WhiteElo "2440"]
[BlackElo "2410"]
[PlyCount "96"]
[EventDate "1998.??.??"]
[Source "www.chesslib.no"]
[SourceDate "2004.05.04"]

1. e4 e5 2. Nf3 Nc6 3. Bc4 Nf6 4. Ng5 d5 5. exd5 Na5 6. Bb5+ Bd7 7. Qe2 Be7 8. Nc3 O-O 9. O-O Bg4 10. f3 Bh5 11. Bd3 Re8 12. Kh1 c6 13. dxc6 Nxc6 14. g4 Bg6 15. Bxg6 hxg6 16. d3 Nd4 17. Qg2 Rc8 18. Rf2 Qb6 19. Nce4 Nxe4 20. Nxe4 Ne6 21. g5 Red8 22. h4 Bc5 23. Rf1 Be3 24. Bxe3 Qxe3 25. Qf2 Qf4 26. Rae1 Nd4 27. Rc1 Nf5 28. Qh2 Qxh4 29. Qxh4 Nxh4 30. Kg1 Rc6 31. Kf2 Nf5 32. Rfd1 Kf8 33. Rd2 Ke7 34. Re1 Rh8 35. c3 f6 36. d4 exd4 37. Nxf6+ Re6 38. Nd5+ Kf7 39. Rxe6 dxc3 40. bxc3 Kxe6 41. Nf4+ Kf7 42. Rd7+ Ke8 43. Rxb7 Rh2+ 44. Ng2 Nh4 45. Kg3 Rxg2+ 46. Kxh4 Rxa2 47. Rxg7 Ra6 48. f4 Rc6 1-0

[Event "Lugano Open"]
[Site "Lugano SUI"]
[Date "1988.??.??"]
[Round "?"]
[White "Gikas, Basilius"]
[Black "Balashov, Yuri S"]
[Result "0-1"]
[WhiteElo "2290"]
[BlackElo "2555"]
[PlyCount "62"]
[EventDate "1988.03.??"]
[Source "www.chesslib.no"]
[SourceDate "2004.05.04"]

1. e4 e5 2. Nf3 Nc6 3. Bc4 Nf6 4. Ng5 d5 5. exd5 Na5 6. Bb5+ c6 7. dxc6 bxc6 8. Qf3 h6 9. Ne4 Nd5 10. Nbc3 cxb5 11. Nxd5 Be6 12. Ne3 Rc8 13. O-O Qd7 14. Ng3 h5 15. c3 Nc6 16. Rd1 h4 17. d4 hxg3 18. d5 gxf2+ 19. Kh1 e4 20. dxe6 Qxe6 21. Qxf2 Ne5 22. Qf5 Qxf5 23. Nxf5 Ng4 24. Re1 Rxh2+ 25. Kg1 Bc5+ 26. Be3 Nxe3 27. Rxe3 Rh7 28. Nd4 f5 29. Rf1 g6 30. g3 Rd7 31. g4 Rxd4 0-1

[Event "San Bernadino Open"]
[Site "San Bernadino"]
[Date "1986.??.??"]
[Round "?"]
[White "Van der Wiel, John T H"]
[Black "Rieke, Theo"]
[Result "1-0"]
[WhiteElo "2555"]
[BlackElo "2290"]
[PlyCount "61"]
[EventDate "1986.??.??"]
[Source "www.chesslib.no"]
[SourceDate "2004.05.04"]

1. e4 e5 2. Nf3 Nc6 3. Bc4 Nf6 4. Ng5 d5 5. exd5 Na5 6. Bb5+ c6 7. dxc6 bxc6 8. Qf3 Bb7 9. Bd3 Be7 10. Nc3 O-O 11. O-O g6 12. Re1 Nd5 13. Nh3 Nb4 14. Rxe5 c5 15. Qe3 Bf6 16. f4 Bxe5 17. fxe5 Nxd3 18. cxd3 Qd4 19. b4 Qxe3+ 20. dxe3 cxb4 21. Nb5 Rac8 22. Nf2 Rc5 23. Nd6 Rc2 24. e4 b3 25. axb3 Nxb3 26. Bh6 Bc8 27. Rxa7 Be6 28. h3 Rb8 29. Ng4 Nd4 30. Rxf7 Nf3+ 31. Rxf3 1-0

[Event "KNSB TCh-NED 2007-8"]
[Site "Netherlands NED"]
[Date "2008.02.09"]
[Round "6"]
[White "Van Wissen, M."]
[Black "Ernst, S."]
[Result "0-1"]
[WhiteElo "2286"]
[BlackElo "2545"]
[PlyCount "78"]
[EventDate "2008.02.09"]
[Source "www.chesslib.no"]
[SourceDate "2004.05.04"]

1. e4 e5 2. Nf3 Nc6 3. Bc4 Nf6 4. Ng5 d5 5. exd5 Na5 6. Bb5+ c6 7. dxc6 bxc6 8. Qf3 Rb8 9. Bd3 h6 10. Ne4 Nd5 11. b3 g5 12. Bb2 Bg7 13. h4 g4 14. Qg3 f6 15. Ba3 Nb4 16. Qe3 O-O 17. Bxb4 Rxb4 18. c3 Rb8 19. Ng3 f5 20. Nh5 f4 21. Qe2 Bh8 22. b4 Qe8 23. bxa5 Qxh5 24. Be4 Qf7 25. c4 Be6 26. Nc3 h5 27. d3 Bf6 28. g3 Bd8 29. O-O Bxa5 30. Na4 Qd7 31. Bg6 Qd4 32. Qe4 Bb4 33. Bh7+ Kh8 34. Qxd4 exd4 35. Bg6 Bd6 36. Rae1 Rf6 37. Be4 c5 38. Bc6 Bf5 39. Rd1 Bf8 0-1

[Event "Parsvnath ch-Commonwealth"]
[Site "New Delhi IND"]
[Date "2007.12.09"]
[Round "9"]
[White "Neelotpal, D."]
[Black "Gokhale, C."]
[Result "1-0"]
[WhiteElo "2489"]
[BlackElo "2333"]
[PlyCount "61"]
[EventDate "2007.12.03"]
[Source "www.chesslib.no"]
[SourceDate "2004.05.04"]

1. e4 e5 2. Nf3 Nc6 3. Bc4 Nf6 4. Ng5 d5 5. exd5 Na5 6. Bb5+ c6 7. dxc6 bxc6 8. Qf3 Qc7 9. Ba4 Bg4 10. Qg3 Bf5 11. Nc3 Bd6 12. Qf3 Bg6 13. Nge4 Nxe4 14. Nxe4 Be7 15. d3 O-O 16. O-O h6 17. Bd2 f5 18. Ng3 Rac8 19. Rfe1 Bd6 20. b4 Nb7 21. Bb3+ Kh7 22. h4 e4 23. dxe4 fxe4 24. Qg4 h5 25. Qh3 Qb6 26. Re2 Bxb4 27. Rb1 c5 28. a3 Qa6 29. Bd5 Qxa3 30. Bxb7 Rc7 31. Bxe4 1-0

[Event "Budapest FS06 GM"]
[Site "Budapest"]
[Date "2000.06.07"]
[Round "5"]
[White "Jakab, Attila"]
[Black "Lukacs, Peter"]
[Result "1/2-1/2"]
[WhiteElo "2354"]
[BlackElo "2460"]
[PlyCount "44"]
[EventDate "2000.06.03"]
[Source "ChessBase"]
[SourceDate "2000.07.11"]

1. e4 e5 2. Nf3 Nc6 3. Bc4 Nf6 4. Ng5 d5 5. exd5 Na5 6. Bb5+ c6 7. dxc6 bxc6 8. Qf3 Bb7 9. Ba4 Be7 10. O-O O-O 11. d3 c5 12. Qe2 Qc7 13. Na3 Rad8 14. Nf3 e4 15. dxe4 Nxe4 16. Be3 Rd5 17. Rad1 Rh5 18. Rd7 Qb8 19. h3 Bf6 20. Qb5 Bd8 21. Rfd1 Bb6 22. Qe2 g6 1/2-1/2

[Event "it (op)"]
[Site "?"]
[Date "2005.10.24"]
[Round "4"]
[White "Van der Wiel John TH"]
[Black "Van Leent Dmitri"]
[Result "1-0"]
[WhiteElo "2503"]
[BlackElo "2309"]
[PlyCount "73"]
[EventDate "2005.??.??"]
[Source "www.chesslib.no"]
[SourceDate "2004.05.04"]

1. e4 e5 2. Nf3 Nc6 3. Bc4 Nf6 4. Ng5 d5 5. exd5 Na5 6. Bb5+ c6 7. dxc6 bxc6 8. Qf3 h6 9. Ne4 Nd5 10. Ba4 Be7 11. d3 O-O 12. O-O f5 13. Ng3 Be6 14. Bd2 Rb8 15. Re1 Bd6 16. Na3 Nb4 17. c3 Nd5 18. b4 Qh4 19. Qh5 Qxh5 20. Nxh5 f4 21. bxa5 Bxa3 22. Rxe5 Bb2 23. Rae1 Bxc3 24. Bxc3 Nxc3 25. Rxe6 Nxa4 26. Re7 Rf7 27. Rxf7 Kxf7 28. Nxf4 Rb2 29. h4 Rxa2 30. Rb1 Nb2 31. d4 g5 32. hxg5 hxg5 33. Nh3 Kf6 34. Rc1 Rxa5 35. Rxc6+ Kf5 36. f3 Nd3 37. g4# 1-0

[Event "Corr"]
[Site "?"]
[Date "2003.05.10"]
[Round "?"]
[White "Houwen Piet J.van der (NED"]
[Black "Staf Gunnar (SWE)"]
[Result "1-0"]
[WhiteElo "2456"]
[BlackElo "2352"]
[PlyCount "89"]
[EventDate "2003.??.??"]
[Source "www.chesslib.no"]
[SourceDate "2004.05.04"]

1. e4 e5 2. Nf3 Nc6 3. Bc4 Nf6 4. Ng5 d5 5. exd5 Na5 6. Bb5+ Bd7 7. Qe2 Be7 8. Nc3 O-O 9. O-O c6 10. dxc6 Nxc6 11. Bxc6 Bxc6 12. Nf3 e4 13. Ne5 Rc8 14. d3 exd3 15. Qxd3 Qc7 16. Re1 Rfd8 17. Qg3 Be8 18. a3 b5 19. Bf4 Qb7 20. Qf3 Qxf3 21. Nxf3 Bc5 22. Be3 Bxe3 23. Rxe3 a5 24. Rd3 Rxd3 25. cxd3 b4 26. axb4 axb4 27. Nd1 Nd5 28. g3 f6 29. Ne1 b3 30. Kf1 Nb4 31. Ra3 Bf7 32. Ne3 Kf8 33. Ke2 Be6 34. Kd2 Nc6 35. Ra4 Rd8 36. Nf3 Kf7 37. Kc3 Rc8 38. Nd2 Ne5+ 39. Ndc4 Nf3 40. Kxb3 Nxh2 41. Kc3 Nf3 42. b4 g5 43. Ra7+ Kg6 44. Ra6 Re8 45. Nd6 1-0

[Event "Corr"]
[Site "?"]
[Date "2003.05.10"]
[Round "?"]
[White "Houwen Piet J.van der (NED"]
[Black "Votypka Miroslav (CZE)"]
[Result "1-0"]
[WhiteElo "2456"]
[BlackElo "2344"]
[PlyCount "23"]
[EventDate "2003.??.??"]
[Source "www.chesslib.no"]
[SourceDate "2004.05.04"]

1. e4 e5 2. Nf3 Nc6 3. Bc4 Nf6 4. Ng5 d5 5. exd5 Na5 6. Bb5+ c6 7. dxc6 bxc6 8. Qf3 Rb8 9. Bd3 h6 10. Ne4 Nd5 11. b3 Nf4 12. Bb2 1-0

[Event "Formia Open"]
[Site "Formia"]
[Date "1995.??.??"]
[Round "?"]
[White "Zelcic, Robert"]
[Black "Bellia, Fabrizio"]
[Result "1-0"]
[WhiteElo "2500"]
[BlackElo "2300"]
[PlyCount "137"]
[EventDate "1995.07.??"]
[Source "www.chesslib.no"]
[SourceDate "2004.05.04"]

1. e4 e5 2. Nf3 Nc6 3. Bc4 Nf6 4. Ng5 d5 5. exd5 Na5 6. Bb5+ c6 7. dxc6 bxc6 8. Be2 g6 9. O-O Bg7 10. d4 exd4 11. c3 O-O 12. cxd4 Qb6 13. Bd2 Qxb2 14. Nc3 Qa3 15. Na4 Nb7 16. Rb1 Nd5 17. Bc4 Qe7 18. Re1 Qd8 19. Qf3 h6 20. Ne4 Na5 21. Bf1 Nb7 22. Rbc1 Bd7 23. Qg3 Qc7 24. Ba6 Qxg3 25. hxg3 Nd8 26. Nac5 Be6 27. Rcd1 Nc7 28. Bf1 Bxa2 29. Nd7 Bb3 30. Rc1 Nce6 31. Nxf8 Kxf8 32. Nc5 Bd5 33. Bc4 a5 34. Nd7+ Kg8 35. Nb6 Ra7 36. Nxd5 cxd5 37. Bxd5 Bxd4 38. Bxh6 a4 39. Be3 Kg7 40. Rc8 Bxe3 41. fxe3 Kf6 42. Ra1 Ra5 43. e4 Ke5 44. Rd1 Kf6 45. Kf2 Ke7 46. Ra8 Rxa8 47. Bxa8 Nc5 48. Ke3 Nde6 49. Bd5 Kf6 50. Rc1 Ke7 51. Bxe6 Nxe6 52. Rc4 Kf6 53. Rxa4 Ke5 54. Ra5+ Kf6 55. g4 Kg7 56. Ra6 Kf6 57. g3 Ke5 58. Ra7 Kf6 59. Ra5 Ke7 60. e5 Kf8 61. Ra7 Ke8 62. Ke4 Kf8 63. Kd5 Ke8 64. Kd6 Kf8 65. Ra8+ Kg7 66. Ke7 Nc7 67. Ra3 Ne6 68. Rf3 Ng5 69. Rf6 1-0

[Event "Corr"]
[Site "?"]
[Date "2002.06.15"]
[Round "?"]
[White "Novikovas Anatolijus (LTU)"]
[Black "Krabbe Wolf-Dieter (GER)"]
[Result "1/2-1/2"]
[WhiteElo "2392"]
[BlackElo "2408"]
[PlyCount "37"]
[EventDate "2002.??.??"]
[Source "www.chesslib.no"]
[SourceDate "2004.05.04"]

1. e4 e5 2. Nf3 Nc6 3. Bc4 Nf6 4. Ng5 d5 5. exd5 Na5 6. Bb5+ Bd7 7. Qe2 Be7 8. Nc3 Bxb5 9. Qxb5+ c6 10. dxc6 Nxc6 11. O-O O-O 12. Qe2 Nd5 13. Nf3 Ndb4 14. d3 Nd4 15. Nxd4 exd4 16. a3 dxc3 17. axb4 Bxb4 18. Rb1 Qc8 19. bxc3 1/2-1/2

[Event "3rd Open"]
[Site "Kolkata IND"]
[Date "2008.03.24"]
[Round "1"]
[White "Singh, G."]
[Black "Safin, S."]
[Result "0-1"]
[WhiteElo "2292"]
[BlackElo "2493"]
[PlyCount "64"]
[EventDate "2008.03.24"]
[Source "www.chesslib.no"]
[SourceDate "2004.05.04"]

1. e4 e5 2. Nf3 Nc6 3. Bc4 Nf6 4. Ng5 d5 5. exd5 Na5 6. Bb5+ c6 7. dxc6 bxc6 8. Qf3 Be7 9. Bd3 h6 10. Ne4 Nd5 11. Ng3 g6 12. a3 Nf4 13. Bf1 Bb7 14. Qc3 Nd5 15. Qd3 c5 16. b4 c4 17. Qe2 Nc6 18. Qxc4 Nd4 19. Qa2 Nf4 20. f3 Bh4 21. Nc3 Rc8 22. Kf2 O-O 23. Bd3 Qb6 24. Na4 Qf6 25. Rf1 Bd5 26. Qb1 Nxd3+ 27. cxd3 Nxf3 28. gxf3 Qxf3+ 29. Ke1 Bxg3+ 30. hxg3 Qxg3+ 31. Rf2 e4 32. dxe4 Bc4 0-1

[Event "20. North Sea Cup"]
[Site "?"]
[Date "2005.07.05"]
[Round "5"]
[White "Pilgaard Kim"]
[Black "Colin Vincent"]
[Result "1/2-1/2"]
[WhiteElo "2415"]
[BlackElo "2368"]
[PlyCount "30"]
[EventDate "2005.??.??"]
[Source "www.chesslib.no"]
[SourceDate "2004.05.04"]

1. e4 e5 2. Nf3 Nc6 3. Bc4 Nf6 4. Ng5 d5 5. exd5 Na5 6. Bb5+ Bd7 7. Qe2 Be7 8. Nc3 O-O 9. Bxd7 Qxd7 10. O-O Rfe8 11. d3 Bb4 12. Bd2 Bxc3 13. Bxc3 Qxd5 14. Qf3 Nc6 15. Rfe1 Nd4 1/2-1/2

[Event "NED Ch"]
[Site "Amsterdam/Drachten"]
[Date "1982.??.??"]
[Round "10"]
[White "Baljon, Christofoor"]
[Black "Donner, Jan-Hein"]
[Result "1-0"]
[WhiteElo "2320"]
[BlackElo "2460"]
[PlyCount "61"]
[EventDate "1982.??.??"]
[Source "www.chesslib.no"]
[SourceDate "2004.05.04"]

1. e4 e5 2. Nf3 Nc6 3. Bc4 Nf6 4. Ng5 d5 5. exd5 Na5 6. Bb5+ c6 7. dxc6 bxc6 8. Be2 Nd5 9. d4 Be7 10. Nf3 e4 11. Ne5 O-O 12. c4 f6 13. Nxc6 Nxc6 14. cxd5 Qxd5 15. Be3 f5 16. Nc3 Qd6 17. d5 Ne5 18. Nb5 Qb4+ 19. Bd2 Qxb2 20. d6 Bf6 21. O-O Bd7 22. Bc3 Nf3+ 23. gxf3 Bxc3 24. Rb1 Qd2 25. Qb3+ Kh8 26. Nxc3 Rac8 27. Rbc1 Rxc3 28. Rxc3 Qxe2 29. Qb7 Bb5 30. Rb1 Bd3 31. Rc8 1-0

[Event "Katerini GP"]
[Site "Katerini"]
[Date "1993.??.??"]
[Round "3"]
[White "Papastavropoulos, Andreas"]
[Black "Graf, Alexander"]
[Result "0-1"]
[WhiteElo "2195"]
[BlackElo "2580"]
[PlyCount "78"]
[EventDate "1993.08.??"]
[Source "www.chesslib.no"]
[SourceDate "2004.05.04"]

1. e4 e5 2. Nf3 Nc6 3. Bc4 Nf6 4. Ng5 d5 5. exd5 Na5 6. Bb5+ c6 7. dxc6 bxc6 8. Qf3 Rb8 9. Bxc6+ Nxc6 10. Qxc6+ Nd7 11. d4 Be7 12. h4 h6 13. Nxf7 Kxf7 14. Qd5+ Kf8 15. dxe5 Bb7 16. Qe6 Qa5+ 17. Nc3 Qxe5+ 18. Qxe5 Nxe5 19. Bf4 Bd6 20. O-O-O Nd3+ 21. Rxd3 Bxf4+ 22. Kb1 Bxg2 23. Rhd1 Kg8 24. Rd7 Be5 25. Kc1 Kh7 26. Rxa7 Rb4 27. Rg1 Ra8 28. Rf7 Bc6 29. h5 Rab8 30. Nd1 Be8 31. Re7 Bf6 32. Rc7 Bxh5 33. c3 Rf4 34. b4 Ra8 35. b5 Rxa2 36. b6 Bxd1 37. b7 Rfxf2 38. b8=Q Ra1+ 39. Qb1+ Rxb1+ 0-1

[Event "Turin op"]
[Site "Turin"]
[Date "1996.??.??"]
[Round "4"]
[White "Racioppo, Paolo"]
[Black "Godena, Michele"]
[Result "0-1"]
[WhiteElo "2225"]
[BlackElo "2550"]
[PlyCount "48"]
[EventDate "1996.12.??"]
[Source "www.chesslib.no"]
[SourceDate "2004.05.04"]

1. e4 e5 2. Nf3 Nc6 3. Bc4 Nf6 4. Ng5 d5 5. exd5 Na5 6. Bb5+ Bd7 7. Qe2 Be7 8. Bxd7+ Qxd7 9. d3 Nxd5 10. Nf3 f6 11. g3 Nc6 12. Be3 O-O 13. a3 f5 14. O-O f4 15. Bd2 fxg3 16. fxg3 Bc5+ 17. Kg2 Nd4 18. Nxd4 Rxf1 19. Kxf1 exd4 20. Kg1 Re8 21. Qh5 g6 22. Qh4 Qc6 23. b4 Bb6 24. Qg4 Ne3 0-1

[Event "Czech Open GMA"]
[Site "Pardubice CEC"]
[Date "2007.07.22"]
[Round "3"]
[White "Markgraf, Al"]
[Black "Lagerman, R."]
[Result "1/2-1/2"]
[WhiteElo "2452"]
[BlackElo "2315"]
[PlyCount "83"]
[EventDate "2007.07.20"]
[Source "www.chesslib.no"]
[SourceDate "2004.05.04"]

1. e4 e5 2. Nf3 Nc6 3. Bc4 Nf6 4. Ng5 d5 5. exd5 Na5 6. Bb5+ c6 7. dxc6 bxc6 8. Qf3 Rb8 9. Bd3 Bd6 10. Nc3 Bg4 11. Qe3 Nd5 12. Qg3 Qxg5 13. Ne4 Qg6 14. h3 Nf4 15. hxg4 Be7 16. b3 Rd8 17. Bb2 Nxd3+ 18. cxd3 f6 19. Ke2 c5 20. Qf3 O-O 21. Qf5 Qxf5 22. gxf5 Nc6 23. Bc3 Rd5 24. f3 Rfd8 25. Nf2 Bf8 26. Rac1 R5d7 27. Rh5 h6 28. g3 Kf7 29. Kd1 Rd5 30. Rh4 Ne7 31. Ra4 Nxf5 32. Rxa7+ Kg8 33. g4 Nh4 34. Ba5 Re8 35. Ke2 Ng6 36. Rc3 Nf4+ 37. Kf1 Rb8 38. Bc7 Rc8 39. Bb6 Rb8 40. Bc7 Rc8 41. Ba5 Rb8 42. Bc7 1/2-1/2

[Event "Essent (open)"]
[Site "?"]
[Date "2004.10.19"]
[Round "5"]
[White "Van der Wiel John TH"]
[Black "Van Kooten Luuk"]
[Result "1-0"]
[WhiteElo "2493"]
[BlackElo "2272"]
[PlyCount "71"]
[EventDate "2004.??.??"]
[Source "www.chesslib.no"]
[SourceDate "2004.05.04"]

1. e4 e5 2. Nf3 Nc6 3. Bc4 Nf6 4. Ng5 d5 5. exd5 Na5 6. Bb5+ c6 7. dxc6 bxc6 8. Qf3 h6 9. Ne4 Nd5 10. Nbc3 cxb5 11. Nxd5 Bb7 12. Ne3 Qd7 13. d3 Nc6 14. O-O O-O-O 15. c3 Qe6 16. Rd1 g6 17. Qf6 Qxf6 18. Nxf6 Bg7 19. Ne4 Rhe8 20. b4 Bf8 21. a4 a6 22. axb5 axb5 23. Bb2 f5 24. Nc5 Bxc5 25. bxc5 h5 26. c4 f4 27. Nd5 bxc4 28. dxc4 Re6 29. Bc3 Nd4 30. Bxd4 exd4 31. Rxd4 g5 32. h4 gxh4 33. Rad1 Rg8 34. Nxf4 Re5 35. Kh2 Reg5 36. Rd8+ 1-0

[Event "XXX Open"]
[Site "Andorra la Vella"]
[Date "2003.??.??"]
[Round "8"]
[White "Fluvia Poyatos, Joan"]
[Black "Djingarova, Emilia"]
[Result "0-1"]
[WhiteElo "2460"]
[BlackElo "2300"]
[PlyCount "60"]
[EventDate "2003.07.05"]
[Source "Roberto Alvarez"]
[SourceDate "2003.07.21"]

1. e4 e5 2. Nf3 Nc6 3. Bc4 Nf6 4. Ng5 d5 5. exd5 Na5 6. Bb5+ c6 7. dxc6 bxc6 8. Qf3 Bb7 9. Bd3 h6 10. Ne4 Nd5 11. Ng3 Nf4 12. Be4 g6 13. Qc3 Bg7 14. b4 f5 15. bxa5 fxe4 16. a6 Bc8 17. Qxc6+ Bd7 18. Qxe4 O-O 19. Ba3 Rf7 20. O-O Rc8 21. Qe3 Bb5 22. Rc1 e4 23. Nc3 Bd4 24. Qe1 Bxf2+ 25. Qxf2 Nh3+ 26. gxh3 Rxf2 27. Kxf2 Qd4+ 28. Kg2 Qxd2+ 29. Nce2 Bxe2 30. Nxe4 Qd5 0-1

[Event "Milan Crespi Open 22nd"]
[Site "?"]
[Date "2001.??.??"]
[Round "2"]
[White "Isonzo David"]
[Black "Godena Michele"]
[Result "1/2-1/2"]
[WhiteElo "2285"]
[BlackElo "2474"]
[PlyCount "23"]
[EventDate "2001.??.??"]
[Source "www.chesslib.no"]
[SourceDate "2004.05.04"]

1. e4 e5 2. Nf3 Nc6 3. Bc4 Nf6 4. Ng5 d5 5. exd5 Na5 6. Bb5+ Bd7 7. Qe2 Be7 8. Nc3 O-O 9. Bxd7 Qxd7 10. O-O Rfe8 11. d3 Bb4 12. Nge4 1/2-1/2

[Event "Olot op  M5"]
[Site "?"]
[Date "1993.??.??"]
[Round "2"]
[White "Leiro"]
[Black "Mitkov"]
[Result "0-1"]
[WhiteElo "2255"]
[BlackElo "2495"]
[PlyCount "58"]
[EventDate "1993.??.??"]
[Source "www.chesslib.no"]
[SourceDate "2004.05.04"]

1. e4 e5 2. Nf3 Nc6 3. Bc4 Nf6 4. Ng5 d5 5. exd5 Na5 6. Bb5+ c6 7. dxc6 bxc6 8. Qf3 Rb8 9. Bd3 Bd6 10. O-O O-O 11. Nc3 Rb4 12. Nce4 Nxe4 13. Nxe4 f5 14. Nxd6 Qxd6 15. c3 Rg4 16. Qe2 e4 17. Bc2 c5 18. d3 Ba6 19. c4 exd3 20. Bxd3 Rd4 21. Qe1 Nc6 22. Be2 Re8 23. b3 Qg6 24. f3 Rd7 25. Qf2 Nd4 26. Bd3 Bb7 27. Kh1 Nxf3 28. gxf3 Rxd3 29. Qg2 Rxf3 0-1

[Event "Two Knights Defense Thematic (B), SEMI"]
[Site "?"]
[Date "1997.??.??"]
[Round "?"]
[White "Kasapoglu, A."]
[Black "Pepe, S."]
[Result "0-1"]
[WhiteElo "1910"]
[BlackElo "2830"]
[PlyCount "52"]
[EventDate "1997.??.??"]
[Source "www.chesslib.no"]
[SourceDate "2004.05.04"]

1. e4 e5 2. Nf3 Nc6 3. Bc4 Nf6 4. Ng5 d5 5. exd5 Na5 6. Bb5+ c6 7. dxc6 bxc6 8. Ba4 h6 9. Nf3 e4 10. Qe2 Be6 11. Ne5 Qd4 12. Bxc6+ Nxc6 13. Nxc6 Qc5 14. Nxa7 Qxc2 15. Nc3 Rxa7 16. Qb5+ Nd7 17. Qc6 Qd3 18. Qc8+ Ke7 19. b4 g6 20. Qc6 Bg7 21. Bb2 Ra6 22. Qxa6 Qxa6 23. b5 Qa5 24. O-O Rc8 25. a4 Nc5 26. Rfc1 Nb3 0-1

[Event "Calviá ol (Men)"]
[Site "Mallorca"]
[Date "2004.10.16"]
[Round "2.33"]
[White "Berlinsky, Vladimir"]
[Black "Erdogdu, Mert"]
[Result "0-1"]
[WhiteElo "2347"]
[BlackElo "2393"]
[PlyCount "50"]
[EventDate "2004.10.15"]
[Source "Roberto Alvarez"]
[SourceDate "2004.10.18"]

1. e4 e5 2. Nf3 Nc6 3. Bc4 Nf6 4. Ng5 d5 5. exd5 Na5 6. Bb5+ c6 7. dxc6 bxc6 8. Qf3 Rb8 9. Bxc6+ Nxc6 10. Qxc6+ Nd7 11. d3 Be7 12. Ne4 Rb6 13. Qa4 f5 14. Nec3 Bb7 15. a3 Bxg2 16. Rg1 Rg6 17. Ne2 Bc5 18. Nbc3 Rg4 19. Qxg4 fxg4 20. Rxg2 Qh4 21. Ne4 Be7 22. Be3 a5 23. O-O-O O-O 24. c4 Nf6 25. Rgg1 Nh5 0-1

[Event "XXXI Open"]
[Site "Barbera del Valles SPA"]
[Date "2008.07.10"]
[Round "6"]
[White "Ravot, S."]
[Black "Pap, M."]
[Result "0-1"]
[WhiteElo "2236"]
[BlackElo "2495"]
[PlyCount "80"]
[EventDate "2008.07.04"]
[Source "www.chesslib.no"]
[SourceDate "2004.05.04"]

1. e4 e5 2. Nf3 Nc6 3. Bc4 Nf6 4. Ng5 d5 5. exd5 Na5 6. Bb5+ c6 7. dxc6 bxc6 8. Bd3 h6 9. Ne4 Nd5 10. O-O Be7 11. Be2 O-O 12. d3 Rb8 13. Nbc3 f5 14. Ng3 Bf6 15. Nh5 Be7 16. Ng3 Qc7 17. Bh5 Be6 18. Nce2 Bd6 19. Qe1 Bd7 20. Kh1 c5 21. Bd2 Nc6 22. Qc1 Kh7 23. b3 Nd4 24. c3 Ne6 25. Bf3 Ne7 26. Re1 Ng6 27. Bd5 Rbe8 28. Qb1 Re7 29. d4 cxd4 30. Nxf5 Rxf5 31. Qxf5 Nef4 32. Qe4 Nxd5 33. Qxd5 Bc6 34. Qc4 Qb7 35. Qd3 Bxg2+ 36. Kg1 Bh1 37. Qh3 Nh4 38. Nxd4 exd4 39. Rxe7 Bxe7 40. cxd4 Be4 0-1

[Event "MEX-ch XLVII Nacional Abierto"]
[Site "Irapuato"]
[Date "2001.??.??"]
[Round "7"]
[White "Sariego, Wilfredo"]
[Black "Campos, Mario"]
[Result "1-0"]
[WhiteElo "2376"]
[BlackElo "2353"]
[PlyCount "71"]
[EventDate "2001.04.11"]
[Source "www.chesslib.no"]
[SourceDate "2004.05.04"]

1. e4 e5 2. Nf3 Nc6 3. Bc4 Nf6 4. Ng5 d5 5. exd5 Na5 6. Bb5+ c6 7. dxc6 bxc6 8. Qf3 Bd7 9. Ba4 h6 10. Ne4 Nd5 11. Qg3 Qc7 12. O-O O-O-O 13. Nbc3 Nb6 14. Qd3 Kb8 15. Qe3 Bc8 16. d3 Nb7 17. Bb3 f5 18. Nd2 Bc5 19. Qe2 Rhe8 20. a4 Nd5 21. Bxd5 cxd5 22. Nb3 Bf8 23. Nb5 Qb6 24. c4 a6 25. a5 Qf6 26. Nc3 d4 27. Nd5 Qc6 28. Nd2 g5 29. b4 Nd6 30. Nb3 Bg7 31. Ba3 e4 32. b5 axb5 33. a6 exd3 34. a7+ Ka8 35. Qf3 Ne4 36. Na5 1-0